|
|
|
|
| LEADER |
00000nab a22000007a 4500 |
| 001 |
000046057 |
| 003 |
AR-BaUAD |
| 005 |
20250612142924.0 |
| 008 |
250612b |||||||| |||| 00| 0 eng d |
| 040 |
|
|
|a AR-BaUAD
|c AR-BaUAD
|
| 100 |
|
|
|a Ventura Soriano, Juan de Dios
|
| 245 |
|
|
|a Perspectiva de gestión política para estas "ideas urbanas"
|
| 300 |
|
|
|b fot.
|
| 611 |
|
|
|a IDEAS URBANAS PARA SANTO DOMINGO
|
| 648 |
|
|
|a 2002
|
| 650 |
|
|
|a URBANISMO
|
| 650 |
|
|
|a POLITICA
|
| 650 |
|
|
|a GESTION
|
| 651 |
|
|
|a SANTO DOMINGO
|
| 651 |
|
|
|a REPUBLICA DOMINICANA
|
| 653 |
|
|
|a DISCURSOS
|
| 655 |
|
|
|a ARTICULO DE REVISTA
|
| 773 |
|
|
|g nº14 (jun. 2002), p. 60
|t ARCHIVOS DE ARQUITECTURA ANTILLANA
|
| 942 |
|
|
|2 udc
|c ARTI
|n 0
|
| 990 |
|
|
|a AQ200
|b TD
|
| 999 |
|
|
|c 24368
|d 24368
|